| 000 | 00546nam a22001937a 4500 | ||
|---|---|---|---|
| 003 | CEME | ||
| 005 | 20210628202727.0 | ||
| 008 | 210120b xxu||||| |||| 00| 0 eng d | ||
| 020 | _a8177581171 | ||
| 040 | _cceme | ||
| 082 | _a530 YOU | ||
| 100 |
_aYoung, Hugh.D ,Freedman, Roger.A _961270 |
||
| 245 | _aSears and zemansky's university physics ,with modern physics | ||
| 250 | _a11TH | ||
| 260 |
_aRAWALPINDI _bNATIONAL BOOK FOUNDATION _c2007 |
||
| 300 | _a1900 P | ||
| 650 |
_aUNIVERSITY PHYSICS.MODERN PHYSICS _961271 |
||
| 942 |
_cBK _2ddc |
||
| 999 |
_c570779 _d570779 |
||